000 00491nam a2200181Ia 4500
005 20250326143139.0
008 250326s9999 xx 000 0 und d
037 _aTextbook
040 _aFMSL
_beng
_cFMSL
041 _aeng
_2eng
084 _aX61 M2
_qFMSL
100 _aLassen R
_9747211
245 0 _aCurrency Management
_cLassen R
260 _aCambridge
_bCambridge, Woodhead-Faulkner. Ltd.
_c1982
300 _a158p
942 _cTB
_hX61 M2
999 _c1298313
_d1298313